100 Safest Cities in 2025 - Statistics

General Stats
  • This quiz has been taken 182 times
  • The average score is 52 of 100
Answer Stats
Rank Country Safety Index Answer % Correct
4 UAE 83.8 Dubai
97%
65 Netherlands 71.6 Amsterdam
94%
1 UAE 88.4 Abu Dhabi
91%
2 Qatar 84.1 Doha
91%
3 Taiwan 83.8 Taipei
90%
25 Switzerland 76.7 Zürich
86%
15 Switzerland 78.4 Bern
84%
12 Croatia 78.6 Zagreb
84%
13 China (SAR) 78.5 Hong Kong
83%
28 Czechia 75.5 Prague
83%
40 Poland 74.5 Warsaw
83%
62 Romania 71.9 Bucharest
82%
66 Netherlands 71.6 Rotterdam
81%
27 South Korea 75.8 Seoul
81%
32 Japan 75.3 Tokyo
81%
10 Germany 79.4 Munich
80%
60 China 72.1 Shanghai
79%
19 Estonia 78.1 Tallinn
79%
31 Finland 75.3 Helsinki
78%
26 Iceland 75.8 Reykjavík
77%
47 China 74.1 Beijing
76%
88 Portugal 68.7 Lisbon
76%
78 Austria 69.7 Vienna
76%
35 Saudi Arabia 75.0 Riyadh
75%
9 Netherlands 79.5 The Hague
75%
98 Canada 67.2 Montréal
74%
8 Oman 80.9 Muscat
74%
46 Denmark 74.2 Copenhagen
73%
80 Switzerland 69.6 Geneva
72%
59 Spain 72.1 Madrid
71%
49 Israel 74.0 Tel Aviv-Yafo
71%
39 Poland 74.6 Kraków
70%
70 Kuwait 70.8 Kuwait City
69%
14 Slovenia 78.5 Ljubljana
68%
100 Portugal 67.1 Porto
67%
76 Azerbaijan 69.8 Baku
66%
87 Canada 68.7 Ottawa
66%
34 Norway 75.1 Bergen
65%
68 Luxembourg 71.3 Luxembourg
65%
24 -------- 77.4 Singapore
62%
56 Lithuania 72.6 Vilnius
62%
42 Saudi Arabia 74.3 Jeddah
60%
44 Georgia 74.3 Tbilisi
60%
23 Armenia 77.8 Yerevan
60%
79 Slovakia 69.7 Bratislava
59%
22 Canada 77.8 Québec City
59%
83 Croatia 69.1 Split
59%
95 Kazakhstan 67.5 Astana
58%
94 Turkey 67.6 İzmir
58%
58 Uzbekistan 72.2 Tashkent
58%
52 Australia 73.2 Canberra
54%
54 Switzerland 72.9 Basel
53%
81 Cyprus 69.3 Nicosia
53%
69 Turkey 70.9 Antalya
51%
73 China 70.4 Guangzhou
49%
93 Pakistan 67.9 Islamabad
49%
97 Australia 67.2 Adelaide
48%
45 Netherlands 74.2 Utrecht
48%
85 UK 68.9 Edinburgh
47%
96 Poland 67.3 Gdańsk
47%
91 Spain 68.2 Seville
46%
37 Belgium 74.9 Ghent
45%
21 Romania 78.0 Cluj-Napoca
44%
55 Switzerland 72.8 Lausanne
44%
11 Norway 79.3 Trondheim
44%
38 Czechia 74.8 Brno
43%
16 Netherlands 78.4 Eindhoven
42%
43 China 74.3 Shenzhen
42%
51 Poland 73.8 Wrocław
41%
53 Austria 72.9 Graz
40%
72 Spain 70.6 Málaga
40%
5 UAE 83.8 Sharjah
36%
18 Thailand 78.2 Chiang Mai
33%
67 Turkey 71.3 Bursa
32%
92 Germany 68.0 Dresden
31%
20 Netherlands 78.1 Groningen
30%
61 Poland 72.1 Poznań
30%
84 Ireland 69.0 Galway
29%
17 Estonia 78.3 Tartu
28%
89 Romania 68.6 Iași
26%
82 Turkey 69.2 Alicante
25%
41 Romania 74.5 Timișoara
24%
29 Mexico 75.4 Mérida
23%
33 Romania 75.1 Brașov
22%
64 Philippines 71.6 Davao
22%
30 Croatia 75.4 Rijeka
22%
90 India 68.3 Ahmedabad
21%
63 Russia 71.8 Nizhny Novgorod
19%
57 Italy 72.3 Trieste
17%
6 UAE 83.7 Ras al-Khaimah
15%
71 Spain 70.7 San Sebastián
15%
7 UAE 82.9 Ajman
11%
36 Turkey 74.9 Eskişehir
11%
99 Germany 67.2 Freiburg im Breisgau
10%
77 Malaysia 69.7 Penang
9%
86 India 68.8 Vadodara
4%
75 USA 70.1 Irvine
3%
74 Canada 70.3 Burlington
2%
48 India 74.0 Mangaluru
1%
50 Canada 73.9 Oakville
1%
No matching quizzes found
Score Distribution
Percent of People with Each Score
Percentile by Number Answered
Your Score History
You have not taken this quiz